Chá de sumiço (Record no. 149580)

MARC details
000 -LÍDER
campo de controle de tamanho fixo 00453 a2200157 4500
001 - NÚMERO DE CONTROLE
campo de controle 149580
040 ## - FONTE DA CATALOGAÇÃO
Instituição que transcreveu o registro Escola São Tomás de Aquino
100 ## - ENTRADA PRINCIPAL--NOME PESSOAL
Nome pessoal AGUIAR, André Ricardo
240 10 - TÍTULO UNIFORME
Título uniforme Chá de sumiço
Idioma da obra por
245 10 - TÍTULO
Título Chá de sumiço
300 ## - DESCRIÇÃO FÍSICA
Extensão 31
362 0# - DATAS DE PUBLICAÇÃO E/OU DESIGNAÇÃO SEQUENCIAL
Datas de publicação e/ou designação sequencial 2013
440 #1 - DECLARAÇÃO DE SÉRIE/ENTRADA ADICIONADA--TÍTULO
Título Autêntica
697 ## - ENTRADA DE ASSUNTO LOCAL--ENTIDADE COLETIVA (RLIN)
Nome corporativo ou nome da jurisdição Histórias de bruxas, centauros, fadas, duendes, deuses, sereias, ogres, vampiros, feiticeiros, mágicos
942 ## - ELEMENTOS DE ENTRADA ADICIONADOS (KOHA)
Tipo de material Koha Livros
Holdings
Situação do descarte Situação das perdas Situação física Não pode ser emprestado Biblioteca de origem Biblioteca atual Data de aquisição Total de empréstimos Número de chamada completo Código de barras Data de último acesso Data do preço efetivo Tipo de material Koha Fonte da classificação ou esquema de arquivamento na estante Nota pública
        ESTA - SÃO BENTO ESTA - SÃO BENTO 30/04/2024   398.21 AGU CHA EST00003593 30/04/2024 30/04/2024 Livros    
        Novo Tempo - Aureliano São José Novo Tempo - Aureliano São José 15/07/2024     fm292 15/07/2024 15/07/2024 Livros Classificação Decimal de Dewey FD2/EM